| 000 | 00361 a2200133 4500 | ||
|---|---|---|---|
| 001 | 88458 | ||
| 082 | _aPR 673 | ||
| 090 |
_c41883 _d41883 |
||
| 100 | _aMuhammad Arshad Ali Khan | ||
| 245 | _aEffect of Discontinuties on fatigue strength | ||
| 260 |
_aKarachi _bUniversity of Karachi _c1972 |
||
| 300 |
_a95p. _eMughal |
||
| 500 | _aBE Project Reports | ||
| 942 |
_aUniversity of Karachi _kPR 673 |
||
| 999 |
_c323531 _d323531 |
||